Países mais próximos de Uganda - Statistics

Estatísticas Gerais
  • Esse quiz foi jogado 35 vezes
  • A pontuação média é 18 de 20
Estatísticas das Respostas
km país % Correto
195 Etiópia
97%
0 Quênia
97%
0 Ruanda
97%
666 Somália
97%
589 Sudão
97%
0 Tanzânia
97%
1143 Djibouti
94%
1154 Eritreia
94%
0 Sudão do Sul
94%
95 Burundi
91%
1205 Chade
91%
1287 Congo
91%
942 Malawi
91%
1231 Moçambique
91%
0 Rep Dem Congo
91%
414 República Centro-Africana
91%
816 Zâmbia
91%
1091 Angola
84%
1522 Camarões
72%
1397 Iémen
25%
Nenhum quiz correspondente encontrado
Distribuição das Pontuações
Porcentagem de Pessoas com Cada Pontuação
Percentil de Números Respondidos
Sua Pontuação Histórica
Você não jogou esse quiz